[Event "Dyfed op 49th"]
[Site "Fishguard"]
[Date "2020.02.16"]
[Round "4"]
[White "Harding, Gareth"]
[Black "Williams, Howard"]
[Result "0-1"]
[WhiteElo "1557"]
[BlackElo "2246"]
[PlyCount "66"]
[EventDate "2020.02.14"]
[EventType "swiss"]
[EventRounds "5"]
[EventCountry "WLS"]
[SourceTitle "EXT 2022"]
[Source "ChessBase"]
[SourceDate "2021.10.06"]
[SourceVersion "1"]
[SourceVersionDate "2021.10.06"]
[SourceQuality "1"]

1. d4 Nf6 2. Nc3 c5 3. d5 d6 4. e4 g6 5. Be2 Bg7 6. Bg5 Qa5 7. Qd3 Na6 8. Qb5+ Qxb5 9. Bxb5+ Bd7 10. Bxd7+ Kxd7 11. Nf3 b5 12. Nd2 Nc7 13. 0-0 h6 14. Bh4 g5 15. Bg3 Nh5 16. Nd1 e6 17. dxe6+ fxe6 18. Rb1 Rhf8 19. Ne3 Rae8 20. Rfd1 Nxg3 21. hxg3 Kc6 22. a3 d5 23. exd5+ exd5 24. a4 a6 25. c3 d4 26. cxd4 cxd4 27. axb5+ axb5 28. Rbc1+ Kb6 29. Nc2 Re2 30. f3 Nd5 31. Ne4 Rc8 32. Rd2 Rxd2 33. Nxd2 d3 0-1

[Event "Dyfed op 49th"]
[Site "Fishguard"]
[Date "2020.02.16"]
[Round "5"]
[White "Young, Alan J"]
[Black "Williams, Howard"]
[Result "1/2-1/2"]
[WhiteElo "2051"]
[BlackElo "2246"]
[PlyCount "33"]
[EventDate "2020.02.14"]
[EventType "swiss"]
[EventRounds "5"]
[EventCountry "WLS"]
[SourceTitle "EXT 2022"]
[Source "ChessBase"]
[SourceDate "2021.10.06"]
[SourceVersion "1"]
[SourceVersionDate "2021.10.06"]
[SourceQuality "1"]

1. e4 e5 2. Nf3 Nc6 3. Bb5 a6 4. Ba4 d6 5. 0-0 Bd7 6. d4 exd4 7. Nxd4 b5 8. Nxc6 Bxc6 9. Bb3 Nf6 10. Nc3 Be7 11. Re1 0-0 12. a4 b4 13. Nd5 Bxd5 14. exd5 Nd7 15. Be3 Bf6 16. Bd4 Nc5 17. Bc4 1/2-1/2

[Event "Dyfed op 49th"]
[Site "Fishguard"]
[Date "2020.02.15"]
[Round "2"]
[White "Waddington, Mike P"]
[Black "Williams, Howard"]
[Result "1/2-1/2"]
[WhiteElo "2046"]
[BlackElo "2246"]
[PlyCount "114"]
[EventDate "2020.02.14"]
[EventType "swiss"]
[EventRounds "5"]
[EventCountry "WLS"]
[SourceTitle "EXT 2022"]
[Source "ChessBase"]
[SourceDate "2021.10.06"]
[SourceVersion "1"]
[SourceVersionDate "2021.10.06"]
[SourceQuality "1"]

1. Nc3 c5 2. e4 Nc6 3. f4 g6 4. Nf3 Bg7 5. Bb5 Nd4 6. 0-0 a6 7. Bd3 d6 8. Nxd4 cxd4 9. Ne2 Qb6 10. Kh1 Nf6 11. c3 e5 12. Qe1 0-0 13. Qh4 d5 14. fxe5 Nxe4 15. Bxe4 dxe4 16. Qxe4 Bf5 17. Qxd4 Qc7 18. Qe3 Bxe5 19. d4 Bg7 20. Ng3 Bd7 21. Qf4 Qxf4 22. Bxf4 Bc6 23. Rfe1 Rfe8 24. Kg1 f5 25. Kf2 Kf7 26. Nf1 Bf6 27. g3 g5 28. Bc7 Rac8 29. Bd6 Be4 30. Nd2 Bd5 31. Rxe8 Rxe8 32. Nf3 Bc4 33. Ne5+ Bxe5 34. Bxe5 Bd5 35. b3 b5 36. Rc1 Rc8 37. Bd6 Rc6 38. Bc5 Rh6 39. Kg1 f4 40. c4 Be4 41. Re1 Re6 42. gxf4 gxf4 43. Kf2 Bd3 44. Rxe6 Kxe6 45. cxb5 axb5 46. a4 bxa4 47. bxa4 Be4 48. a5 Bb7 49. Bf8 Kd5 50. Kf3 Kxd4+ 51. Kxf4 Kc4 52. Be7 Kb5 53. Bd8 Bd5 54. Ke5 Ba2 55. Kd6 Bb1 56. Bb6 Bc2 57. Kc7 Ka6 1/2-1/2

[Event "Dyfed op 49th"]
[Site "Fishguard"]
[Date "2020.02.15"]
[Round "3"]
[White "Williams, Howard"]
[Black "Pleasants, Allan J"]
[Result "1-0"]
[WhiteElo "2246"]
[BlackElo "2028"]
[PlyCount "83"]
[EventDate "2020.02.14"]
[EventType "swiss"]
[EventRounds "5"]
[EventCountry "WLS"]
[SourceTitle "EXT 2022"]
[Source "ChessBase"]
[SourceDate "2021.10.06"]
[SourceVersion "1"]
[SourceVersionDate "2021.10.06"]
[SourceQuality "1"]

1. Nf3 Nf6 2. c4 g6 3. Nc3 Bg7 4. d4 0-0 5. Bg5 c5 6. e3 cxd4 7. exd4 d6 8. Be2 Nc6 9. d5 Nb4 10. 0-0 Na6 11. Nd4 Nc5 12. Be3 a5 13. Bf3 Bd7 14. Re1 Rc8 15. Rc1 Qb6 16. Ndb5 Bxb5 17. Nxb5 Nfd7 18. b3 Ne5 19. Be2 f5 20. f4 Nf7 21. Bf3 g5 22. g3 g4 23. Bg2 Nh8 24. Qc2 Qd8 25. Nd4 Qd7 26. a3 Ng6 27. b4 axb4 28. axb4 Na6 29. Qb3 Kh8 30. Ne6 Rf7 31. c5 Qb5 32. cxd6 Rxc1 33. Rxc1 exd6 34. Rc8+ Nf8 35. Bd2 Qe2 36. Nxg7 Kxg7 37. Qc3+ Kg6 38. Bf1 Qe4 39. Bd3 Qf3 40. Bxa6 Qxc3 41. Bxc3 bxa6 42. Rc6 1-0

[Event "Dyfed op 49th"]
[Site "Fishguard"]
[Date "2020.02.14"]
[Round "1"]
[White "Williams, Howard"]
[Black "Haigh, Tony"]
[Result "1-0"]
[WhiteElo "2246"]
[BlackElo "1773"]
[PlyCount "62"]
[EventDate "2020.02.14"]
[EventType "swiss"]
[EventRounds "5"]
[EventCountry "WLS"]
[SourceTitle "EXT 2022"]
[Source "ChessBase"]
[SourceDate "2021.10.06"]
[SourceVersion "1"]
[SourceVersionDate "2021.10.06"]
[SourceQuality "1"]

1. Nf3 e6 2. c4 f5 3. g3 Nf6 4. Bg2 Be7 5. 0-0 0-0 6. d4 Ne4 7. Nc3 d5 8. Ne5 c6 9. Qb3 Nd7 10. cxd5 Nxc3 11. bxc3 Nxe5 12. dxe5 exd5 13. c4 dxc4 14. Qxc4+ Kh8 15. Bf4 Qe8 16. Rfd1 Bd8 17. a4 Be6 18. Qc3 Rf7 19. a5 Rc8 20. Rd6 c5 21. Rad1 b6 22. Bc6 Qe7 23. Bg5 Qxg5 24. Rxe6 Rf8 25. f4 Qh5 26. Bf3 Qf7 27. Red6 Qe8 28. e4 fxe4 29. Bxe4 Qa4 30. Bc2 Qxa5 31. Qd3 c4 1-0

[Event "Wales-chT 1920"]
[Site "Wales"]
[Date "2020.01.26"]
[Round "3.13"]
[White "Williams, Howard"]
[Black "Kozusek, Daniel"]
[Result "1-0"]
[WhiteElo "2233"]
[BlackElo "2335"]
[PlyCount "93"]
[EventDate "2019.10.20"]
[EventType "team-tourn"]
[EventRounds "7"]
[EventCountry "WLS"]
[SourceTitle "EXT 2022"]
[Source "ChessBase"]
[SourceDate "2021.10.06"]
[SourceVersion "1"]
[SourceVersionDate "2021.10.06"]
[SourceQuality "1"]
[WhiteTeam "Cardigan"]
[BlackTeam "Cardiff"]
[WhiteTeamCountry "WLS"]
[BlackTeamCountry "WLS"]

1. d4 Nf6 2. c4 e6 3. g3 c5 4. d5 exd5 5. cxd5 d6 6. Nc3 g6 7. Bg2 Bg7 8. Nf3 0-0 9. 0-0 Re8 10. Bf4 Na6 11. Nd2 Nh5 12. Be3 Rxe3 13. fxe3 Qe7 14. Nc4 Bxc3 15. bxc3 b5 16. Na5 Qxe3+ 17. Rf2 Qxc3 18. Nc6 Bd7 19. Rf3 Qg7 20. Rb1 Nc7 21. Re3 Nf6 22. Re7 Kf8 23. Rb3 Nce8 24. Rbe3 Ng4 25. R3e4 Ngf6 26. Re3 Qh6 27. Qa1 Ng8 28. Qh8 Nef6 29. Bf3 a5 30. Kg2 Qg7 31. Rxf7+ Qxf7 32. Re7 Bxc6 33. Rxf7+ Kxf7 34. dxc6 Rf8 35. Bd5+ Nxd5 36. Qxh7+ Ke6 37. Qd7+ Ke5 38. Qg7+ Rf6 39. Qxg8 Ne7 40. Qe8 Re6 41. c7 d5 42. c8Q Nxc8 43. Qxc8 c4 44. Qc5 b4 45. Kf3 c3 46. Ke3 g5 47. Kd3 1-0

[Event "Wales-chT 1920"]
[Site "Wales"]
[Date "2019.12.01"]
[Round "2.13"]
[White "Turner, Matthew"]
[Black "Williams, Howard"]
[Result "1-0"]
[WhiteElo "2519"]
[BlackElo "2236"]
[PlyCount "101"]
[EventDate "2019.10.20"]
[EventType "team-tourn"]
[EventRounds "7"]
[EventCountry "WLS"]
[SourceTitle "EXT 2022"]
[Source "ChessBase"]
[SourceDate "2021.10.06"]
[SourceVersion "1"]
[SourceVersionDate "2021.10.06"]
[SourceQuality "1"]
[WhiteTeam "Tiny Rex"]
[BlackTeam "Cardigan"]
[WhiteTeamCountry "WLS"]
[BlackTeamCountry "WLS"]

1. d4 Nf6 2. Nf3 e6 3. g3 b6 4. Bg2 Bb7 5. 0-0 Be7 6. c4 0-0 7. d5 exd5 8. Nh4 c6 9. cxd5 Nxd5 10. Nf5 Nc7 11. e4 d5 12. exd5 cxd5 13. Nc3 Nba6 14. Bf4 Nc5 15. Qg4 N5e6 16. Rad1 h5 17. Bxc7 hxg4 18. Bxd8 Bxd8 19. Nxd5 Rb8 20. Rfe1 Ng5 21. Rd4 Bxd5 22. Bxd5 Nf3+ 23. Bxf3 gxf3 24. Rd3 Bf6 25. b3 Rfe8 26. Rxe8+ Rxe8 27. Rxf3 Re2 28. a4 Rb2 29. Kg2 a6 30. Nd6 Rb1 31. Nc4 Bd4 32. Rd3 Bc5 33. Ne5 Rb2 34. Rf3 f6 35. Nd3 Rc2 36. Nxc5 bxc5 37. Rf4 Rc3 38. Rc4 Rxb3 39. Rxc5 Rb4 40. Ra5 Rb6 41. h4 g6 42. f4 Kf7 43. Kh3 Kg7 44. Rd5 f5 45. h5 Kh6 46. a5 Rc6 47. hxg6 Kxg6 48. Kh4 Kf6 49. Rd3 Kg6 50. Rb3 Kf6 51. Rb6 1-0

[Event "WLS-chT 1819"]
[Site "Wales"]
[Date "2019.04.28"]
[Round "5.1"]
[White "Kett, Timothy"]
[Black "Williams, Howard"]
[Result "1/2-1/2"]
[WhiteElo "2197"]
[BlackElo "2242"]
[PlyCount "92"]
[EventDate "2018.11.04"]
[EventType "team-tourn"]
[EventRounds "5"]
[EventCountry "WLS"]
[SourceTitle "EXT 2020"]
[Source "ChessBase"]
[SourceDate "2019.10.17"]
[SourceVersion "1"]
[SourceVersionDate "2019.10.17"]
[SourceQuality "1"]
[WhiteTeam "The Full Ponty"]
[BlackTeam "Cardigan"]
[WhiteTeamCountry "WLS"]
[BlackTeamCountry "WLS"]

1. e4 e5 2. Bc4 Nf6 3. d3 c6 4. Nf3 d5 5. Bb3 Bb4+ 6. c3 Bd6 7. Bg5 Be6 8. Nbd2 Nbd7 9. 0-0 0-0 10. d4 h6 11. Bh4 exd4 12. exd5 Bxd5 13. Bxd5 cxd5 14. Nxd4 Qc7 15. N2f3 Rfe8 16. Bxf6 Nxf6 17. Nb5 Qb6 18. Nxd6 Qxd6 19. Re1 Rxe1+ 20. Qxe1 Re8 21. Qd2 Qa6 22. Nd4 Qc4 23. a3 a6 24. f3 Kf8 25. Re1 Rxe1+ 26. Qxe1 Qd3 27. Kf2 g6 28. Qe3 Qxe3+ 29. Kxe3 Ke7 30. b4 Kd6 31. Nb3 b6 32. a4 Ne8 33. a5 bxa5 34. Nxa5 Ng7 35. Nb7+ Kc7 36. Nc5 Nf5+ 37. Kf4 Kb6 38. g4 Nh4 39. Nd7+ Kb5 40. Ne5 f6 41. Nd7 Ng2+ 42. Kg3 Ne3 43. Nxf6 Kc4 44. Nd7 Kxc3 45. Nb8 d4 46. Nxa6 d3 1/2-1/2

[Event "WLS-chT 1819"]
[Site "Wales"]
[Date "2019.03.10"]
[Round "4.13"]
[White "Williams, Howard"]
[Black "Toczek, Grzegorz"]
[Result "0-1"]
[WhiteElo "2253"]
[BlackElo "2234"]
[PlyCount "44"]
[EventDate "2018.11.04"]
[EventType "team-tourn"]
[EventRounds "5"]
[EventCountry "WLS"]
[SourceTitle "EXT 2020"]
[Source "ChessBase"]
[SourceDate "2019.10.17"]
[SourceVersion "1"]
[SourceVersionDate "2019.10.17"]
[SourceQuality "1"]
[WhiteTeam "Cardigan"]
[BlackTeam "Cardiff"]
[WhiteTeamCountry "WLS"]
[BlackTeamCountry "WLS"]

1. Nf3 c5 2. c4 Nf6 3. Nc3 d5 4. cxd5 Nxd5 5. e3 g6 6. Bc4 Nb6 7. Bb3 Bg7 8. d4 Na6 9. 0-0 0-0 10. Qe2 Qc7 11. Rd1 Bd7 12. h3 Rac8 13. d5 c4 14. Bc2 Nb4 15. Bb1 Na4 16. Qe1 Nxc3 17. bxc3 Ba4 18. Ba3 Bxd1 19. Bxb4 Bxf3 20. gxf3 a5 21. d6 exd6 22. Ba3 b5 0-1

[Event "Dyfed op 48th"]
[Site "Fishguard"]
[Date "2019.02.24"]
[Round "5.2"]
[White "Williams, Howard"]
[Black "Young, Alan J"]
[Result "1/2-1/2"]
[WhiteElo "2268"]
[BlackElo "2024"]
[PlyCount "83"]
[EventDate "2019.02.22"]
[EventType "swiss"]
[EventRounds "5"]
[EventCountry "WLS"]
[SourceTitle "EXT 2020"]
[Source "ChessBase"]
[SourceDate "2019.10.17"]
[SourceVersion "1"]
[SourceVersionDate "2019.10.17"]
[SourceQuality "1"]

1. d4 d5 2. c4 e6 3. Nf3 Nf6 4. g3 Bb4+ 5. Bd2 Bd6 6. Bg2 c6 7. Nc3 Nbd7 8. 0-0 0-0 9. e4 Nxe4 10. Nxe4 dxe4 11. Ng5 Nf6 12. Bc3 Be7 13. Qe2 Qc7 14. Nxe4 Nxe4 15. Qxe4 Re8 16. Rac1 Bd7 17. Rfe1 Bf8 18. b4 Rac8 19. Bd2 Red8 20. c5 Be8 21. Bf4 Qd7 22. Red1 Qd5 23. Qe2 Qd7 24. a4 a6 25. h4 f6 26. Rd2 Bf7 27. Re1 Qe8 28. Bh3 Rd7 29. b5 axb5 30. axb5 Rcd8 31. Red1 cxb5 32. Qxb5 Bh5 33. Re1 Bf7 34. Qb6 Rxd4 35. Rxd4 Rxd4 36. Bxe6 Bxe6 37. Rxe6 Qa8 38. Re1 Qc8 39. c6 Rb4 40. cxb7 Qxb7 41. Qd8 Rb1 42. Rxb1 1/2-1/2

[Event "Dyfed op 48th"]
[Site "Fishguard"]
[Date "2019.02.23"]
[Round "2.1"]
[White "Bevan, Peter M"]
[Black "Williams, Howard"]
[Result "1/2-1/2"]
[WhiteElo "1907"]
[BlackElo "2268"]
[PlyCount "78"]
[EventDate "2019.02.22"]
[EventType "swiss"]
[EventRounds "5"]
[EventCountry "WLS"]
[SourceTitle "EXT 2020"]
[Source "ChessBase"]
[SourceDate "2019.10.17"]
[SourceVersion "1"]
[SourceVersionDate "2019.10.17"]
[SourceQuality "1"]

1. Nf3 c5 2. c4 Nf6 3. Nc3 b6 4. g3 Bb7 5. Bg2 e6 6. 0-0 Be7 7. d4 cxd4 8. Nxd4 Bxg2 9. Kxg2 Qc8 10. b3 Qb7+ 11. Kg1 a6 12. Bb2 0-0 13. Qd3 d6 14. Qf3 Qxf3 15. Nxf3 Nbd7 16. Rfd1 Rfc8 17. Nd4 g6 18. e4 Rab8 19. f3 h5 20. Rac1 Kf8 21. Kg2 g5 22. Rc2 b5 23. cxb5 axb5 24. b4 Ne5 25. Re2 g4 26. f4 Nc4 27. Ba1 Na3 28. f5 e5 29. Nb3 Rc7 30. Nd5 Nxd5 31. Rxd5 Nc2 32. f6 Bxf6 33. Rxd6 Ke7 34. Rd5 Nxb4 35. Rxe5+ Bxe5 36. Bxe5 Rbc8 37. Bxc7 Rxc7 38. Nd4 Ra7 39. Nxb5 Rxa2 1/2-1/2

[Event "Dyfed op 48th"]
[Site "Fishguard"]
[Date "2019.02.22"]
[Round "1.1"]
[White "Williams, Howard"]
[Black "Buttell, David"]
[Result "1-0"]
[WhiteElo "2268"]
[BlackElo "1793"]
[PlyCount "115"]
[EventDate "2019.02.22"]
[EventType "swiss"]
[EventRounds "5"]
[EventCountry "WLS"]
[SourceTitle "EXT 2020"]
[Source "ChessBase"]
[SourceDate "2019.10.17"]
[SourceVersion "1"]
[SourceVersionDate "2019.10.17"]
[SourceQuality "1"]

1. d4 Nf6 2. c4 c5 3. d5 e6 4. Nf3 exd5 5. cxd5 d6 6. Nc3 g6 7. e4 Bg7 8. Be2 0-0 9. 0-0 a6 10. a4 Re8 11. Nd2 Nbd7 12. f3 Rb8 13. Nc4 Ne5 14. Ne3 g5 15. Nc4 Nxc4 16. Bxc4 Nd7 17. f4 Nb6 18. Bd3 g4 19. a5 Na8 20. e5 dxe5 21. f5 h5 22. Ne4 Qxd5 23. f6 Qd4+ 24. Kh1 Rd8 25. Ra3 Qxe4 26. Bxe4 Rxd1 27. Rxd1 Bxf6 28. Be3 Be7 29. Rc3 Be6 30. Bxc5 Bxc5 31. Rxc5 Kg7 32. Rxe5 h4 33. Kg1 Nc7 34. Kf2 f5 35. Bxf5 Rf8 36. Rc1 Kf6 37. Re3 Kxf5 38. Rxc7 Kg6+ 39. Kg1 Bd5 40. Rc5 Bc6 41. Ree5 Rf4 42. g3 hxg3 43. hxg3 Rb4 44. Re6+ Kf7 45. Re2 Kf6 46. Kf2 Rb3 47. Rc3 Rb5 48. Rc4 Bf3 49. Rf4+ Kg5 50. Rc2 Bc6 51. b4 Re5 52. Rc5 Rxc5 53. bxc5 Bd5 54. Ke3 Bc6 55. Kd4 Bb5 56. Ke5 Bd7 57. Rf7 Bc6 58. Rg7+ 1-0

[Event "WLS-chT 1718"]
[Site "Wales"]
[Date "2018.05.20"]
[Round "5.13"]
[White "Williams, Howard"]
[Black "Kett, Timothy"]
[Result "1/2-1/2"]
[WhiteElo "2256"]
[BlackElo "2215"]
[PlyCount "54"]
[EventDate "2017.10.22"]
[EventType "team-tourn"]
[EventRounds "5"]
[EventCountry "WLS"]
[SourceTitle "EXT 2020"]
[Source "ChessBase"]
[SourceDate "2019.10.17"]
[SourceVersion "1"]
[SourceVersionDate "2019.10.17"]
[SourceQuality "1"]
[WhiteTeam "Cardigan"]
[BlackTeam "The Vale"]
[WhiteTeamCountry "WLS"]
[BlackTeamCountry "WLS"]

1. d4 Nf6 2. Nf3 d5 3. c4 e6 4. g3 c5 5. cxd5 exd5 6. Bg2 Nc6 7. 0-0 cxd4 8. Nxd4 Be7 9. Nc3 0-0 10. Be3 Be6 11. Qa4 Qd7 12. Rad1 Bh3 13. Nxc6 bxc6 14. Bd4 Bxg2 15. Kxg2 Qb7 16. Qc2 Rfe8 17. e4 dxe4 18. Nxe4 Nxe4 19. Qxe4 Bf6 20. Qf3 Bxd4 21. Rxd4 Qxb2 22. Rfd1 Qxa2 23. Qxc6 Qe6 24. Rd6 Qe4+ 25. Qxe4 Rxe4 26. Ra1 Kf8 27. Rda6 Re7 1/2-1/2

[Event "WLS-chT 1718"]
[Site "Wales"]
[Date "2018.04.22"]
[Round "4.13"]
[White "Toczek, Grzegorz"]
[Black "Williams, Howard"]
[Result "1/2-1/2"]
[WhiteElo "2258"]
[BlackElo "2256"]
[PlyCount "48"]
[EventDate "2017.10.22"]
[EventType "team-tourn"]
[EventRounds "5"]
[EventCountry "WLS"]
[SourceTitle "EXT 2020"]
[Source "ChessBase"]
[SourceDate "2019.10.17"]
[SourceVersion "1"]
[SourceVersionDate "2019.10.17"]
[SourceQuality "1"]
[WhiteTeam "Cardiff"]
[BlackTeam "Cardigan"]
[WhiteTeamCountry "WLS"]
[BlackTeamCountry "WLS"]

1. e4 c5 2. Nf3 Nc6 3. d4 cxd4 4. Nxd4 Nf6 5. Nc3 d6 6. Bg5 e6 7. Qd2 a6 8. 0-0-0 Bd7 9. f4 Be7 10. g4 h6 11. Bh4 g5 12. Be1 gxf4 13. Nxc6 Bxc6 14. Qxf4 Qc7 15. Kb1 0-0-0 16. Bg3 Rdf8 17. Be2 Nd7 18. Qe3 Ne5 19. Bf4 Rfg8 20. h3 Bg5 21. Rdf1 Kb8 22. h4 Bxf4 23. Rxf4 Qe7 24. h5 Rg5 1/2-1/2

[Event "Dyfed op 47th"]
[Site "Fishguard"]
[Date "2018.02.18"]
[Round "4"]
[White "Williams, Howard"]
[Black "Bourne, Johnathan"]
[Result "1-0"]
[WhiteElo "2274"]
[BlackElo "1957"]
[PlyCount "111"]
[EventDate "2018.02.16"]
[EventType "swiss"]
[EventRounds "5"]
[EventCountry "WLS"]
[SourceTitle "EXT 2020"]
[Source "ChessBase"]
[SourceDate "2019.10.17"]
[SourceVersion "1"]
[SourceVersionDate "2019.10.17"]
[SourceQuality "1"]

1. d4 Nf6 2. c4 g6 3. Nc3 Bg7 4. Nf3 d6 5. Bg5 h6 6. Bh4 0-0 7. e3 c5 8. Be2 Bf5 9. 0-0 Nbd7 10. Rc1 g5 11. Bg3 Ne4 12. Bd3 Nxg3 13. hxg3 Bxd3 14. Qxd3 cxd4 15. Nxd4 Ne5 16. Qe2 Qd7 17. Rfd1 Rac8 18. b3 Nc6 19. Nf3 Ne5 20. Nd5 e6 21. Nxe5 Bxe5 22. Nb4 Qe7 23. Nd3 Bg7 24. e4 Rfd8 25. Qe3 b6 26. b4 Qb7 27. b5 a5 28. a4 Qc7 29. Kh2 Bf6 30. f4 Kg7 31. Rf1 Re8 32. f5 exf5 33. Rxf5 Re6 34. Qf2 Bd8 35. e5 dxe5 36. c5 Qe7 37. c6 Bc7 38. Qe3 e4 39. Nf2 Rd8 40. Rd1 Rxd1 41. Nxd1 Re5 42. Qd4 Kg6 43. Rxe5 Qxe5 44. Qxe5 Bxe5 45. Ne3 h5 46. Nd5 h4 47. c7 Bxg3+ 48. Kg1 Bxc7 49. Nxc7 g4 50. Nd5 Kf5 51. Nxb6 e3 52. Nc4 e2 53. Kf2 h3 54. gxh3 gxh3 55. Ne3+ Kg5 56. Nc2 1-0

[Event "Dyfed op 47th"]
[Site "Fishguard"]
[Date "2018.02.18"]
[Round "5"]
[White "Williams, Howard"]
[Black "Rayner, Francis"]
[Result "1/2-1/2"]
[WhiteElo "2274"]
[BlackElo "2043"]
[PlyCount "93"]
[EventDate "2018.02.16"]
[EventType "swiss"]
[EventRounds "5"]
[EventCountry "WLS"]
[SourceTitle "EXT 2020"]
[Source "ChessBase"]
[SourceDate "2019.10.17"]
[SourceVersion "1"]
[SourceVersionDate "2019.10.17"]
[SourceQuality "1"]

1. d4 Nf6 2. c4 e6 3. g3 c5 4. d5 exd5 5. cxd5 d6 6. Nc3 g6 7. Bg2 Bg7 8. Nf3 0-0 9. 0-0 Re8 10. Bf4 Ne4 11. Nxe4 Rxe4 12. Nd2 Rb4 13. a3 Rxf4 14. gxf4 Bxb2 15. Ra2 Bg7 16. Qb3 b6 17. Nc4 Ba6 18. a4 Qf6 19. e3 Nd7 20. Rd1 Rd8 21. Bf1 Nb8 22. f3 g5 23. fxg5 Qxf3 24. Rf2 Qg4+ 25. Rg2 Bxc4 26. Bxc4 Qh4 27. Bb5 Qe4 28. Rf1 Nd7 29. Bxd7 Rxd7 30. Rf4 Qe5 31. h4 Re7 32. Rgf2 a6 33. Kg2 b5 34. axb5 axb5 35. Qxb5 Qxd5+ 36. R4f3 Rxe3 37. Qb8+ Bf8 38. Kg3 Qe5+ 39. Kg2 Qe4 40. Kg3 Rxf3+ 41. Rxf3 d5 42. Qc8 Kg7 43. Qd7 Qe5+ 44. Kg2 Be7 45. Qf5 Qxf5 46. Rxf5 d4 47. Rd5 1/2-1/2

[Event "Dyfed op 47th"]
[Site "Fishguard"]
[Date "2018.02.17"]
[Round "3"]
[White "Thomas, Roy"]
[Black "Williams, Howard"]
[Result "0-1"]
[WhiteElo "1706"]
[BlackElo "2274"]
[PlyCount "56"]
[EventDate "2018.02.16"]
[EventType "swiss"]
[EventRounds "5"]
[EventCountry "WLS"]
[SourceTitle "EXT 2020"]
[Source "ChessBase"]
[SourceDate "2019.10.17"]
[SourceVersion "1"]
[SourceVersionDate "2019.10.17"]
[SourceQuality "1"]

1. f4 d5 2. e3 g6 3. Nf3 Bg7 4. d4 Nf6 5. c4 c5 6. Nc3 0-0 7. Be2 Nc6 8. 0-0 cxd4 9. Nxd4 Nxd4 10. Qxd4 Be6 11. Qc5 dxc4 12. Rd1 Nd7 13. Qb4 Qb6 14. Qxe7 Rfe8 15. Qh4 Nf6 16. Kf1 Rad8 17. e4 Rxd1+ 18. Bxd1 Qd4 19. e5 Nd5 20. Nb5 Qxd1+ 21. Qe1 Qxe1+ 22. Kxe1 Bf8 23. a3 f6 24. Nd4 fxe5 25. fxe5 Bc5 26. Nf3 Bg4 27. Bh6 Bxf3 28. gxf3 Rxe5+ 0-1

[Event "Dyfed op 47th"]
[Site "Fishguard"]
[Date "2018.02.17"]
[Round "2"]
[White "Williams, Howard"]
[Black "Hurn, Robert AJ"]
[Result "1-0"]
[WhiteElo "2274"]
[BlackElo "1592"]
[PlyCount "73"]
[EventDate "2018.02.16"]
[EventType "swiss"]
[EventRounds "5"]
[EventCountry "WLS"]
[SourceTitle "EXT 2020"]
[Source "ChessBase"]
[SourceDate "2019.10.17"]
[SourceVersion "1"]
[SourceVersionDate "2019.10.17"]
[SourceQuality "1"]

1. d4 Nf6 2. c4 e6 3. g3 d5 4. Nf3 dxc4 5. Bg2 c5 6. 0-0 Nc6 7. Qa4 a6 8. Ne5 Nd5 9. Nxc6 bxc6 10. dxc5 Bd7 11. e4 Ne7 12. Qxc4 Qc7 13. Be3 g6 14. Nd2 Bg7 15. Qc2 0-0 16. Nc4 Rab8 17. Rad1 Nc8 18. b3 e5 19. f4 Be6 20. f5 Bxc4 21. Qxc4 Qb7 22. Rf2 Na7 23. Rfd2 Qb5 24. Bf1 Qa5 25. Qxa6 Qc3 26. Rd3 Qb4 27. Qxa7 Qxe4 28. Bg2 Qxf5 29. Qd7 Qh5 30. Qxc6 Qe2 31. Qf3 Qxa2 32. c6 Qc2 33. Qf2 Qxf2+ 34. Bxf2 Rfc8 35. Ba7 Ra8 36. Bb6 h5 37. c7 1-0

[Event "Dyfed op 47th"]
[Site "Fishguard"]
[Date "2018.02.16"]
[Round "1"]
[White "Fowler, Hugo"]
[Black "Williams, Howard"]
[Result "1-0"]
[WhiteElo "1786"]
[BlackElo "2274"]
[PlyCount "31"]
[EventDate "2018.02.16"]
[EventType "swiss"]
[EventRounds "5"]
[EventCountry "WLS"]
[SourceTitle "EXT 2020"]
[Source "ChessBase"]
[SourceDate "2019.10.17"]
[SourceVersion "1"]
[SourceVersionDate "2019.10.17"]
[SourceQuality "1"]

1. e4 Nf6 2. e5 Nd5 3. d4 d6 4. c4 Nb6 5. f4 dxe5 6. fxe5 Nc6 7. Be3 Bf5 8. Nf3 e6 9. Be2 Be7 10. 0-0 0-0 11. Nc3 f6 12. a3 fxe5 13. d5 e4 14. Nd2 exd5 15. cxd5 Nxd5 16. Nxd5 1-0

[Event "WLS-chT 1718"]
[Site "Wales"]
[Date "2018.01.21"]
[Round "3.13"]
[White "Williams, Howard"]
[Black "Zeidler, Sven P"]
[Result "1-0"]
[WhiteElo "2256"]
[BlackElo "2168"]
[PlyCount "97"]
[EventDate "2017.10.22"]
[EventType "team-tourn"]
[EventRounds "5"]
[EventCountry "WLS"]
[SourceTitle "EXT 2020"]
[Source "ChessBase"]
[SourceDate "2019.10.17"]
[SourceVersion "1"]
[SourceVersionDate "2019.10.17"]
[SourceQuality "1"]
[WhiteTeam "Cardigan"]
[BlackTeam "Abergavenny"]
[WhiteTeamCountry "WLS"]
[BlackTeamCountry "WLS"]

1. d4 f5 2. g3 Nf6 3. Bg2 g6 4. c4 Bg7 5. Nf3 0-0 6. Nc3 d6 7. 0-0 c6 8. Rb1 Na6 9. b4 Nc7 10. Bb2 Qe8 11. d5 cxd5 12. cxd5 h6 13. Nd4 g5 14. e3 f4 15. exf4 gxf4 16. Re1 fxg3 17. fxg3 Ng4 18. Ne6 Nxe6 19. dxe6 Ne5 20. Nd5 Rb8 21. Bxe5 Bxe5 22. Qg4+ Kh8 23. Be4 Rg8 24. Qh4 h5 25. Qxe7 Qxe7 26. Nxe7 Bxe6 27. Nxg8 Rxg8 28. Rbc1 h4 29. Rc7 Rg4 30. Rh7+ Kg8 31. Rxh4 Rxh4 32. gxh4 Bxa2 33. Bxb7 Bc3 34. Re2 Bc4 35. Re8+ Kg7 36. Rc8 d5 37. b5 Bd4+ 38. Kg2 Bb6 39. Kf3 Bb3 40. Kf4 d4 41. Be4 Bf7 42. Ke5 Bh5 43. Bd3 Bg4 44. Rc1 Kh6 45. Rc6+ Kh5 46. Kf4 Bd8 47. h3 Bd1 48. Rc8 Bf6 49. Rc7 1-0

[Event "WLS-chT 1718"]
[Site "Wales"]
[Date "2017.11.05"]
[Round "2.7"]
[White "Williams, Howard"]
[Black "Pleasants, Allan J"]
[Result "1-0"]
[WhiteElo "2256"]
[BlackElo "2144"]
[PlyCount "45"]
[EventDate "2017.10.22"]
[EventType "team-tourn"]
[EventRounds "5"]
[EventCountry "WLS"]
[SourceTitle "EXT 2020"]
[Source "ChessBase"]
[SourceDate "2019.10.17"]
[SourceVersion "1"]
[SourceVersionDate "2019.10.17"]
[SourceQuality "1"]
[WhiteTeam "Cardigan"]
[BlackTeam "White Knights"]
[WhiteTeamCountry "WLS"]
[BlackTeamCountry "WLS"]

1. d4 g6 2. c4 Bg7 3. Nc3 c5 4. Nf3 cxd4 5. Nxd4 Nc6 6. Nc2 Bxc3+ 7. bxc3 Qa5 8. e4 Qxc3+ 9. Bd2 Qg7 10. Be2 Nf6 11. Bc3 d6 12. 0-0 0-0 13. f4 e5 14. Qd3 Nxe4 15. Qxe4 Bf5 16. Qd5 Bxc2 17. Qxd6 Rad8 18. Qc7 Nd4 19. Rfe1 exf4 20. Kh1 Rfe8 21. Bf3 Rc8 22. Rxe8+ Rxe8 23. Qd7 1-0